000 00824cam5a220024100 4500
001 lce00712089
008 711014r19711927ja ac 000 0 eng
010 _a 70149491
035 _a(Sirsi) r104975
035 _a(DLC) 70149491
035 _a(UPRA)lce00712089
043 _aa-ja---
050 0 _aDS832
_b.B35 1971
082 _a910.039/46
100 1 _aBatchelor, John, 1854-1944.
_dBatchelor, John, 1854-1944.
_6A61970.1
245 1 0 _aAinu life and lore;
_bechoes of a departing race.
260 _aTokyo, New York,
_bKyobunkwan, Johnson Reprint Corp.,
_aTokyo, New York,
_bKyobunkwan, Johnson Reprint Corp.,
_c1971.
490 0 _aLandmarks in anthropology
_6S5285.1
500 _aReprint of the 1927? ed.
650 0 _aAinu.
_6S48264.1
949 _aDS832
_wlcc
_i-149150
_mMAIN
_tBOOK
_lON-SHELF
004 104975
999 _c165024
_d165024